000 01853nam a22002057a 4500
005 20220118124129.0
008 220118b ||||| |||| 00| 0 eng d
020 _a9781529342390
040 _cAL
041 _aeng
082 _223
_a813.6
_bGRIJ
100 _aJohn Grisham
_913480
245 _aJudge's list
260 _aLondon
_bHodder and Stoughton
_c2021
300 _a357p.
_bPB
_c22.8X14.5cm.
365 _2General
_a4477
_b₹545.22
_c
_d₹699.00
_e22%
_f18-12-2021
520 _aIn The Whistler, Lacy Stoltz investigated a corrupt judge who was taking millions in bribes from a crime syndicate. She put the criminals away, but only after being attacked and nearly killed. Three years later, and approaching forty, she is tired of her work for the Florida Board on Judicial Conduct and ready for a change. Then she meets a mysterious woman who is so frightened she uses a number of aliases. Jeri Crosby's father was murdered twenty years earlier in a case that remains unsolved and that has grown stone cold. But Jeri has a suspect whom she has become obsessed with and has stalked for two decades. Along the way, she has discovered other victims.Suspicions are easy enough, but proof seems impossible. The man is brilliant, patient, and always one step ahead of law enforcement. He is the most cunning of all serial killers. He knows forensics, police procedure, and most important: he knows the law.He is a judge, in Florida - under Lacy's jurisdiction.He has a list, with the names of his victims and targets, all unsuspecting people unlucky enough to have crossed his path and wronged him in some way. How can Lacy pursue him, without becoming the next name on his list?The Judge's List is by any measure John Grisham's most surprising, chilling novel yet.
650 _2American Literature
_aAmerican Fiction
_913481
942 _2ddc
_cBK
999 _c221220
_d221220